[Event "Szachy na pełnej kurwie"]
[Site "SchemingMind.com"]
[Date "2016.01.02"]
[Round "-"]
[White "smothered mate"]
[Black "DANDYLIONHONEYBADGER"]
[Result "1-0"]
[WhiteCountry "POL"]
[BlackCountry "USA"]
[WhiteElo "1942"]
[WhiteRD "73"]
[BlackElo "1289"]
[BlackRD "73"]
[GameID "392600"]

1. e4 e5 2. Nf3 Nc6 3. Bc4 Bd6 4. O-O Nf6 5. d4 Nxe4 6. Re1 exd4 7. Rxe4+ Kf8 8. Nxd4 Ne5 9. Bf1 c5 10. Nf5 Qf6
11. Qxd6+ Kg8 12. Rxe5 Qxd6 13. Re8+ Qf8 14. Ne7#
1-0

[Event "Szachy na pełnej kurwie"]
[Site "SchemingMind.com"]
[Date "2016.01.02"]
[Round "-"]
[White "DANDYLIONHONEYBADGER"]
[Black "smothered mate"]
[Result "0-1"]
[WhiteCountry "USA"]
[BlackCountry "POL"]
[WhiteElo "1334"]
[WhiteRD "59"]
[BlackElo "1995"]
[BlackRD "84"]
[GameID "392601"]

1. Nc3 d5 2. e4 d4 3. Nd5 g5 4. d3 e6 5. c4 exd5 6. exd5 h6 7. Qe2+ Qe7 8. Qxe7+ Bxe7 9. Nf3 c5 10. Ne5 Nf6
11. Bd2 Bf5 12. g4 Nxg4 13. h3 Nxe5 14. Bg2 Nxd3+ 15. Ke2 Nxb2 16. Rhb1 Bxb1 17. Rxb1 Nxc4 18. Rd1 Bd6 19. Bc1 Nd7 20. Kf1 O-O-O
21. a4 Rhe8 22. a5 Nxa5 23. Bb2 Ne5 24. Be4 Nac4 25. Ba1 b5 26. Rb1 Nd2+ 27. Ke1 Nxe4 28. Rxb5 Nf3+ 29. Ke2 Nc3+
0-1

[Event "Szachy na pełnej kurwie"]
[Site "SchemingMind.com"]
[Date "2015.12.28"]
[Round "-"]
[White "smothered mate"]
[Black "tyler_ensor"]
[Result "1-0"]
[WhiteCountry "POL"]
[BlackCountry "CAN"]
[WhiteElo "1995"]
[WhiteRD "84"]
[BlackElo "1889"]
[BlackRD "77"]
[GameID "392668"]

1. e4 c5 2. Nf3 d6 3. d4 cxd4 4. Nxd4 Nf6 5. Nc3 a6 6. Be3 e5 7. Nb3 Be6 8. Qd2 Nbd7 9. f3 b5 10. O-O-O Be7
11. g4 Nb6 12. h4 Nc4 13. Bxc4 bxc4 14. Na1 Rb8 15. h5 Nd7 16. g5 Nb6 17. f4 exf4 18. Bxf4 Nc8 19. Nd5 Bxd5 20. Qxd5 Qb6
21. b3 cxb3 22. Nxb3 O-O 23. g6 h6 24. Rdf1 Qb4 25. gxf7+ Kh8 26. Bd2 Qa3+ 27. Kd1 Rb5 28. Qe6 Qxa2 29. Bxh6 Rg5 30. Rhg1 Rxg1
31. Rxg1 Qb1+ 32. Nc1 Qb2 33. Bxg7+
1-0

[Event "Szachy na pełnej kurwie"]
[Site "SchemingMind.com"]
[Date "2015.12.28"]
[Round "-"]
[White "tyler_ensor"]
[Black "smothered mate"]
[Result "1/2-1/2"]
[WhiteCountry "CAN"]
[BlackCountry "POL"]
[WhiteElo "1921"]
[WhiteRD "76"]
[BlackElo "1990"]
[BlackRD "88"]
[GameID "392669"]

1. d4 d5 2. c4 e6 3. Nc3 c5 4. cxd5 exd5 5. Nf3 Nc6 6. g3 c4 7. Bg2 Bb4 8. O-O Nge7 9. e4 O-O 10. exd5 Nxd5
11. Bg5 f6 12. Nxd5 Qxd5 13. Be3 Rd8 14. Ne5 Qb5 15. Nxc6 bxc6 16. a4 Qa6 17. Qc2 Be6 18. Rfd1 Bd5 19. Bf1 Kh8 20. Rdc1 Qc8
21. Bxc4 Bf3 22. Be2 Bd5 23. Bf1 Qe6 24. Bc4 Rac8 25. Bxd5 Rxd5 26. Qc4 a5 27. Rc2 h5 28. h4 Bd6 29. Qe2 Bb8 30. Rc5 Rxc5
31. dxc5 Qf5 32. Rd1 Re8 33. Qd3 Qg4 34. Bc1 Qxa4 35. Qd7 Qe4 36. Be3 Bxg3 37. Qf7 Bxh4 38. Qxh5+ Kg8 39. Rd4 Bxf2+ 40. Bxf2 Qb1+
41. Kg2 Rb8 42. Qg4 Qxb2 43. Qe6+ Kf8 44. Qd6+ Kg8 45. Qe6+=
1/2-1/2

[Event "Szachy na pełnej kurwie"]
[Site "SchemingMind.com"]
[Date "2016.01.02"]
[Round "-"]
[White "tyler_ensor"]
[Black "DANDYLIONHONEYBADGER"]
[Result "1-0"]
[WhiteCountry "CAN"]
[BlackCountry "USA"]
[WhiteElo "1889"]
[WhiteRD "77"]
[BlackElo "1334"]
[BlackRD "59"]
[GameID "392670"]

1. d4 d5 2. c4 Nf6 3. cxd5 Qxd5 4. Nc3 Qa5 5. Nf3 b5 6. e3 Be6 7. Bxb5+ c6 8. Bd3 Nd5 9. Bd2 Qc7 10. Nxd5 Bxd5
11. O-O Nd7 12. Rc1 e6 13. Qc2 Be7 14. Kh1 Bf6 15. Bb4 a5 16. Ba3 h5 17. Be4 Bxa2 18. Bxc6 Rc8 19. Bxd7+ Qxd7 20. Qxc8+ Bd8
21. Qxd7+ Kxd7 22. Ne5+ Ke8 23. Rc8 h4 24. Rxd8+ Kxd8 25. Nxf7+ Ke8 26. Nxh8
1-0

[Event "Szachy na pełnej kurwie"]
[Site "SchemingMind.com"]
[Date "2016.01.02"]
[Round "-"]
[White "DANDYLIONHONEYBADGER"]
[Black "tyler_ensor"]
[Result "0-1"]
[WhiteCountry "USA"]
[BlackCountry "CAN"]
[WhiteElo "1337"]
[WhiteRD "66"]
[BlackElo "1907"]
[BlackRD "79"]
[GameID "392671"]

1. Nc3 c5 2. d3 Nc6 3. e4 g6 4. f4 Bg7 5. Nf3 d6 6. d4 cxd4 7. Ne2 e5 8. Bd2 Nge7 9. c3 dxc3 10. bxc3 O-O
11. fxe5 dxe5 12. Qb3 Rb8 13. Rd1 Qc7 14. Be3 Be6 15. c4 Rfd8 16. Rd2 Na5 17. Qb4 Nxc4 18. Rc2 b5 19. Bc5 Nc6 20. Kf2 Nxb4
21. Bxb4 Qb6+ 22. Kg3 Bh6 23. Nxe5 Qe3+ 24. Nf3 Bf4+ 25. Nxf4 Qxe4 26. Re2 Qc6 27. Nxe6 fxe6 28. Be7 Qc7+ 29. Ne5 Nxe5 30. Bxd8 Rxd8
31. Kf2 Nd3+ 32. Kg1 Qc5+
0-1

[Event "Szachy na pełnej kurwie"]
[Site "SchemingMind.com"]
[Date "2015.12.29"]
[Round "-"]
[White "smothered mate"]
[Black "Scooter"]
[Result "1-0"]
[WhiteCountry "POL"]
[BlackCountry "USA"]
[WhiteElo "1939"]
[WhiteRD "65"]
[BlackElo "1677"]
[BlackRD "48"]
[GameID "392755"]

1. e4 c6 2. d4 d5 3. exd5 cxd5 4. c4 Nf6 5. Nc3 e6 6. Nf3 Be7 7. Bg5 Nbd7 8. Rc1 h6 9. Bf4 O-O 10. c5 Nb8
11. Bd3 Nc6 12. O-O Nh5 13. Be3 Nf6 14. a3 Bd7 15. b4 Re8 16. b5 Nb8 17. Ne5 a6 18. a4 axb5 19. axb5 Qc7 20. Ne2 Bc8
21. Nf4 Nbd7 22. Nxf7 Rf8 23. Nxe6 Qb8 24. b6 Rxf7 25. Bf4
1-0

[Event "Szachy na pełnej kurwie"]
[Site "SchemingMind.com"]
[Date "2015.12.29"]
[Round "-"]
[White "Scooter"]
[Black "smothered mate"]
[Result "0-1"]
[WhiteCountry "USA"]
[BlackCountry "POL"]
[WhiteElo "1677"]
[WhiteRD "48"]
[BlackElo "1939"]
[BlackRD "65"]
[GameID "392756"]

1. d4 d5 2. Nf3 e6 3. Bf4 c5 4. c3 Nc6 5. e3 Nf6 6. Bb5 Be7 7. O-O O-O 8. Bxc6 bxc6 9. Nbd2 Ba6 10. Re1 Qb6
11. Qb3 Bd3 12. Ne5 Bb5 13. a4 c4 14. Qc2 Ba6 15. Bg5 h6 16. Bh4 c5 17. Bxf6 Bxf6 18. Nd7 Qd6 19. Nxf8 Rxf8 20. e4 cxd4
21. cxd4 Bxd4 22. exd5 exd5 23. Rad1 Qb6 24. Nf3 Bxb2 25. Rxd5 Bf6 26. Ne5 Qe6 27. Qe2 Qxd5 28. Ng4 Bg5 29. Rd1 c3
0-1

[Event "Szachy na pełnej kurwie"]
[Site "SchemingMind.com"]
[Date "2016.01.02"]
[Round "-"]
[White "tyler_ensor"]
[Black "Scooter"]
[Result "1-0"]
[WhiteCountry "CAN"]
[BlackCountry "USA"]
[WhiteElo "1835"]
[WhiteRD "78"]
[BlackElo "1696"]
[BlackRD "46"]
[GameID "392757"]

1. d4 Nf6 2. c4 g6 3. Nc3 Bg7 4. e4 d6 5. f3 O-O 6. Be3 Nbd7 7. Qd2 c5 8. Nge2 a6 9. dxc5 dxc5 10. Rd1 Ne5
11. Qxd8
1-0

[Event "Szachy na pełnej kurwie"]
[Site "SchemingMind.com"]
[Date "2016.01.02"]
[Round "-"]
[White "Scooter"]
[Black "tyler_ensor"]
[Result "0-1"]
[WhiteCountry "USA"]
[BlackCountry "CAN"]
[WhiteElo "1731"]
[WhiteRD "47"]
[BlackElo "1864"]
[BlackRD "81"]
[GameID "392758"]

1. d4 Nf6 2. Nf3 e6 3. Bg5 c5 4. e3 Be7 5. c3 b6 6. Be2 Bb7 7. Nbd2 O-O 8. O-O d5 9. Qc2 Nbd7 10. Bb5 a6
11. Bxd7 Nxd7 12. Bxe7 Qxe7 13. dxc5 bxc5 14. Rfe1 Qf6 15. Rad1 Ne5 16. Nxe5 Qxe5 17. Nf3 Qh5 18. Qe2 Rab8 19. b3 f6 20. Nd2 Qg6
21. e4 dxe4 22. Nxe4 f5 23. Ng3 f4 24. Qxe6+ Qxe6 25. Rxe6 fxg3 26. hxg3 Rfe8 27. Red6 Re2 28. Rd8+ Rxd8 29. Rxd8+ Kf7 30. Rd7+ Re7
31. Rd2 Ke6 32. Re2+ Kd6 33. Rxe7 Kxe7 34. f3 Ke6 35. Kf2 Kd5 36. g4 a5 37. g3 c4 38. Ke3 Kc5 39. f4 Bd5 40. g5 cxb3
41. axb3 Bxb3
0-1

[Event "Szachy na pełnej kurwie"]
[Site "SchemingMind.com"]
[Date "2016.01.02"]
[Round "-"]
[White "Scooter"]
[Black "DANDYLIONHONEYBADGER"]
[Result "1-0"]
[WhiteCountry "USA"]
[BlackCountry "USA"]
[WhiteElo "1761"]
[WhiteRD "49"]
[BlackElo "1297"]
[BlackRD "64"]
[GameID "392759"]

1. d4 d5 2. Nf3 Nc6 3. e3 e6 4. Bb5 Bd7 5. O-O a6 6. Bxc6 bxc6 7. Nbd2 f6 8. c4 c5 9. dxc5 Bxc5 10. cxd5 c6
11. dxe6 Bxe6 12. Qc2 Qd5 13. e4 Qd6 14. Nb3 Nh6 15. Bxh6 gxh6 16. Nxc5 O-O 17. Nxe6 Qxe6 18. Nd4 Qd7 19. Nxc6 Rac8 20. Rac1 Rxc6
21. Qxc6 Qf7 22. Qd5 Qxd5 23. exd5 Rd8 24. Rfd1 h5 25. d6 Kf7 26. Rc7+ Kg6 27. d7 h4 28. Rc8
1-0

[Event "Szachy na pełnej kurwie"]
[Site "SchemingMind.com"]
[Date "2016.01.02"]
[Round "-"]
[White "DANDYLIONHONEYBADGER"]
[Black "Scooter"]
[Result "0-1"]
[WhiteCountry "USA"]
[BlackCountry "USA"]
[WhiteElo "1297"]
[WhiteRD "64"]
[BlackElo "1761"]
[BlackRD "49"]
[GameID "392760"]

1. Nc3 Nf6 2. d4 g6 3. e3 Bg7 4. Bc4 O-O 5. f3 d6 6. e4 Nbd7 7. b3 e5 8. dxe5 Nxe5 9. g4 Nxc4 10. bxc4 b6
11. g5 Nd7 12. Bf4 Bxc3+ 13. Kf1 Bxa1 14. Qxa1 Ba6 15. Qc3 Nc5 16. Qd4 Ne6 17. Qc3 Nxf4 18. h4 d5 19. Qe3 Bxc4+ 20. Kf2 Nh5
21. Ne2 Bxe2 22. c3 Bc4 23. Qd4 c5 24. Qe5 dxe4 25. Qxe4 Qd2+ 26. Kg1 Nf4 27. Qxc4 Qg2#
0-1

[Event "Szachy na pełnej kurwie"]
[Site "SchemingMind.com"]
[Date "2016.01.03"]
[Round "-"]
[White "smothered mate"]
[Black "Robert Bruce"]
[Result "0-1"]
[WhiteCountry "POL"]
[BlackCountry "SCO"]
[WhiteElo "1939"]
[WhiteRD "65"]
[BlackElo "2221"]
[BlackRD "63"]
[GameID "393001"]

1. e4 Nf6 2. e5 Nd5 3. c4 Nb6 4. d4 d6 5. exd6 cxd6 6. d5 e6 7. Nc3 Be7 8. Bd3 Na6 9. b3 exd5 10. cxd5 O-O
11. Nge2 Bg4 12. O-O Nb4 13. Bb1 Bf6 14. f3 Bh5 15. Bb2 N6xd5 16. Nxd5 Bxb2 17. Nxb4 Bxa1 18. Nd5 Bf6 19. Ng3 Bg6 20. Ne4 Bb2
21. Qd2 Ba3 22. Rd1 Re8 23. b4 a5 24. b5 Rc8 25. b6 Bb4 26. Qf4 Re5 27. Nc7 f5 28. Ng5 Bc5+ 29. Kf1 Bxb6 30. Nce6 Qe7
31. Nd4 Re8 32. Qd2 Bxd4
0-1

[Event "Szachy na pełnej kurwie"]
[Site "SchemingMind.com"]
[Date "2016.01.03"]
[Round "-"]
[White "Robert Bruce"]
[Black "smothered mate"]
[Result "1-0"]
[WhiteCountry "SCO"]
[BlackCountry "POL"]
[WhiteElo "2221"]
[WhiteRD "63"]
[BlackElo "1939"]
[BlackRD "65"]
[GameID "393002"]

1. f4 d5 2. Nf3 c5 3. e3 Nc6 4. Bb5 Bd7 5. b3 h5 6. Nc3 e6 7. Bb2 Nh6 8. O-O a6 9. Bxc6 Bxc6 10. Ne5 Nf5
11. e4 dxe4 12. Nxc6 bxc6 13. Nxe4 c4 14. Kh1 h4 15. bxc4 Rb8 16. Be5 Rb7 17. Rf3 f6 18. Rd3 Qb6 19. Rb3 Qa7 20. Rxb7 Qxb7
21. Rb1 Qa7 22. Rb8+ Kf7 23. Qb1 fxe5 24. Rb7+ Qxb7 25. Qxb7+ Kg6 26. Qxc6 Nd4 27. Qe8+ Kf5 28. Nf2 exf4 29. c3 Ne2 30. Qf7+ Ke5
31. Nd3+ Kd6 32. c5+ Kd5 33. Qb7+ Kc4 34. Ne5+ Kxc5 35. Qc6#
1-0

[Event "Szachy na pełnej kurwie"]
[Site "SchemingMind.com"]
[Date "2016.01.03"]
[Round "-"]
[White "tyler_ensor"]
[Black "Robert Bruce"]
[Result "0-1"]
[WhiteCountry "CAN"]
[BlackCountry "SCO"]
[WhiteElo "1864"]
[WhiteRD "81"]
[BlackElo "2250"]
[BlackRD "61"]
[GameID "393003"]

1. d4 Nf6 2. c4 c5 3. d5 b5 4. cxb5 a6 5. bxa6 g6 6. Nc3 Bxa6 7. e4 Bxf1 8. Kxf1 d6 9. g3 Bg7 10. Kg2 O-O
11. f4 Na6 12. Nf3 Nb4 13. h3 c4 14. e5 dxe5 15. Nxe5 Nbxd5 16. Nxc4 Nxc3 17. Qxd8 Rfxd8 18. bxc3 Ne4 19. Ne5 f5 20. c4 Bxe5
21. fxe5 Rd3 22. g4 fxg4 23. hxg4 Rf8 24. Re1 Rf2+ 25. Kh1 Rh3+ 26. Kg1 Rg3+ 27. Kh1 Rxg4 28. Ba3 Rf5
0-1

[Event "Szachy na pełnej kurwie"]
[Site "SchemingMind.com"]
[Date "2016.01.03"]
[Round "-"]
[White "Robert Bruce"]
[Black "tyler_ensor"]
[Result "1-0"]
[WhiteCountry "SCO"]
[BlackCountry "CAN"]
[WhiteElo "2248"]
[WhiteRD "61"]
[BlackElo "1809"]
[BlackRD "86"]
[GameID "393004"]

1. f4 c5 2. Nf3 Nc6 3. g3 d5 4. d3 Nf6 5. Bg2 g6 6. O-O Bg7 7. Nc3 d4 8. Na4 O-O 9. Nxc5 Qd5 10. Ne4 Nxe4
11. Nd2 f5 12. dxe4 fxe4 13. Nxe4 Qb5 14. Qd3 Qf5 15. Bd2 Be6 16. Ng5 Bd7 17. Qb3+ Kh8 18. Bh3
1-0

[Event "Szachy na pełnej kurwie"]
[Site "SchemingMind.com"]
[Date "2016.01.04"]
[Round "-"]
[White "Robert Bruce"]
[Black "Scooter"]
[Result "1-0"]
[WhiteCountry "SCO"]
[BlackCountry "USA"]
[WhiteElo "2207"]
[WhiteRD "66"]
[BlackElo "1696"]
[BlackRD "46"]
[GameID "393006"]

1. f4 f5 2. Nf3 b6 3. e3 Bb7 4. Nc3 e6 5. Be2 Nc6 6. b3 Bb4 7. Bb2 Nf6 8. O-O Bxc3 9. Bxc3 Qe7 10. Bb2 O-O-O
11. a3 h6 12. a4 Rhg8 13. Ba3 Qf7 14. a5 Nxa5 15. b4 Nc6 16. b5 Ne7 17. Ne5 Qe8 18. Bxe7 Qxe7 19. Rxa7 g5 20. Qa1
1-0

[Event "Szachy na pełnej kurwie"]
[Site "SchemingMind.com"]
[Date "2016.01.07"]
[Round "-"]
[White "Robert Bruce"]
[Black "DANDYLIONHONEYBADGER"]
[Result "1-0"]
[WhiteCountry "SCO"]
[BlackCountry "USA"]
[WhiteElo "2255"]
[WhiteRD "63"]
[BlackElo "1297"]
[BlackRD "64"]
[GameID "393007"]

1. f4 g6 2. Nf3 Nc6 3. e3 e6 4. c4 d5 5. d4 f6 6. Nc3 dxc4 7. Bd2 Nge7 8. Bxc4 a6 9. O-O Bh6 10. Qb3 Bd7
11. Bxe6 Bxe6 12. Qxe6 Qd6 13. Qxd6 cxd6 14. Ne4 O-O 15. Nxd6 b5 16. Rfc1 Nc8 17. Rxc6 Nxd6 18. Rxd6 Rad8 19. Rxa6 Bg7 20. Rc1 Rc8
21. Rxc8 Rxc8 22. Rb6 Rc4 23. Rb8+ Bf8 24. b3 Rc2 25. Bb4 Rc1+ 26. Kf2 Rc2+ 27. Kg3 Rxa2 28. Rxf8+ Kg7 29. d5 Rb2 30. Nd4 f5
31. Ne6+ Kh6 32. Rf7 Rxb3 33. Bf8+ Kh5 34. Rxh7#
1-0

[Event "Szachy na pełnej kurwie"]
[Site "SchemingMind.com"]
[Date "2016.01.07"]
[Round "-"]
[White "DANDYLIONHONEYBADGER"]
[Black "Robert Bruce"]
[Result "0-1"]
[WhiteCountry "USA"]
[BlackCountry "SCO"]
[WhiteElo "1297"]
[WhiteRD "64"]
[BlackElo "2255"]
[BlackRD "63"]
[GameID "393008"]

1. Nc3 d5 2. d4 f5 3. e3 Nf6 4. Bd3 Nc6 5. a3 e6 6. f3 Bd7 7. e4 dxe4 8. fxe4 fxe4 9. Nxe4 Nxe4 10. Bxe4 Qh4+
11. g3 Qxe4+ 12. Qe2 Qxh1 13. Qf2 Qe4+ 14. Be3 Nxd4 15. Rc1 Bd6 16. Ne2 Rf8 17. Nc3 Qh1+ 18. Qg1 Nf3+ 19. Ke2 Nxg1+ 20. Rxg1 Qf3+
21. Kd3 O-O-O 22. Kd2 Bb5 23. Nxb5 Bb4+ 24. Kc1 Qf1+ 25. Rxf1 Rxf1#
0-1

[Event "Szachy na pełnej kurwie"]
[Site "SchemingMind.com"]
[Date "2016.01.03"]
[Round "-"]
[White "smothered mate"]
[Black "Darnell"]
[Result "1-0"]
[WhiteCountry "POL"]
[BlackCountry "CAN"]
[WhiteElo "1939"]
[WhiteRD "65"]
[BlackElo "1584"]
[BlackRD "79"]
[GameID "393013"]

1. e4 e5 2. Nf3 Nc6 3. d4 exd4 4. Nxd4 Bc5 5. Be3 Bb6 6. Bc4 Nf6 7. Nc3 O-O 8. O-O Nxe4 9. Nxe4 d5 10. Nxc6 bxc6
11. Nc5
1-0

[Event "Szachy na pełnej kurwie"]
[Site "SchemingMind.com"]
[Date "2016.01.04"]
[Round "-"]
[White "Darnell"]
[Black "smothered mate"]
[Result "0-1"]
[WhiteCountry "CAN"]
[BlackCountry "POL"]
[WhiteElo "1605"]
[WhiteRD "106"]
[BlackElo "1942"]
[BlackRD "68"]
[GameID "393014"]

1. e4 e6 2. d4 d5 3. exd5 exd5 4. c4 Nf6 5. Bg5 Bb4+ 6. Nc3 O-O 7. cxd5 Re8+ 8. Be2 Qxd5 9. Bxf6 Qxg2 10. Qa4 Nc6
11. d5 Rxe2+ 12. Kxe2 Bg4+ 13. Kd3 Bxc3 14. Bxc3 Qxd5+
0-1

[Event "Szachy na pełnej kurwie"]
[Site "SchemingMind.com"]
[Date "2016.01.03"]
[Round "-"]
[White "Darnell"]
[Black "tyler_ensor"]
[Result "0-1"]
[WhiteCountry "CAN"]
[BlackCountry "CAN"]
[WhiteElo "1459"]
[WhiteRD "83"]
[BlackElo "1864"]
[BlackRD "81"]
[GameID "393016"]

1. e4 c5 2. Nf3 d6 3. Bb5+ Bd7 4. Qe2 Nc6 5. O-O Nf6 6. c3 a6 7. Ba4 b5 8. Bc2 e5 9. d4 cxd4 10. cxd4 exd4
11. e5 dxe5 12. Nxe5 Nxe5 13. Qxe5+ Be6
0-1

[Event "Szachy na pełnej kurwie"]
[Site "SchemingMind.com"]
[Date "2016.01.04"]
[Round "-"]
[White "Darnell"]
[Black "Scooter"]
[Result "0-1"]
[WhiteCountry "CAN"]
[BlackCountry "USA"]
[WhiteElo "1605"]
[WhiteRD "106"]
[BlackElo "1696"]
[BlackRD "46"]
[GameID "393017"]

1. e4 c6 2. d4 d5 3. Nc3 dxe4 4. Nxe4 Bf5 5. Ng3 Bg6 6. h4 h6 7. h5 Bh7 8. Nf3 Nd7 9. Bd3 Bxd3 10. Qxd3 Qc7
11. Bd2 O-O-O 12. O-O-O Ngf6 13. Qb3 e6 14. Rh4 Nd5 15. Ne5 Nxe5 16. dxe5 Qxe5 17. Ra4 Bc5 18. Re1 Qb8 19. Kb1 Bxf2
0-1

[Event "Szachy na pełnej kurwie"]
[Site "SchemingMind.com"]
[Date "2016.01.04"]
[Round "-"]
[White "Scooter"]
[Black "Darnell"]
[Result "0-1"]
[WhiteCountry "USA"]
[BlackCountry "CAN"]
[WhiteElo "1696"]
[WhiteRD "46"]
[BlackElo "1605"]
[BlackRD "106"]
[GameID "393018"]

1. d4 d5 2. Nf3 Nf6 3. Bf4 Bf5 4. e3 e6 5. Bd3 g6 6. Bxf5 gxf5 7. O-O Nc6 8. c3 Bd6 9. Bxd6 Qxd6 10. Nbd2 O-O-O
11. Ng5 Qe7 12. c4 h6 13. Ngf3 Rdg8 14. cxd5 Nxd5 15. a3 h5 16. Nc4 h4 17. Nce5 Nxe5 18. Nxe5 Qg5 19. Nxf7 Qxg2#
0-1

[Event "Szachy na pełnej kurwie"]
[Site "SchemingMind.com"]
[Date "2016.01.03"]
[Round "-"]
[White "Darnell"]
[Black "Robert Bruce"]
[Result "0-1"]
[WhiteCountry "CAN"]
[BlackCountry "SCO"]
[WhiteElo "1605"]
[WhiteRD "106"]
[BlackElo "2207"]
[BlackRD "66"]
[GameID "393019"]

1. e4 Nf6 2. Nc3 e5 3. Nf3 Nc6 4. Bb5 Bd6 5. O-O a6 6. Ba4 O-O 7. d3 h6 8. h3 b5 9. Bb3 Bb7 10. Be3 Na5
11. Ne2 Nxb3 12. axb3 Nh5 13. Qd2 f5 14. Bxh6 fxe4 15. Qg5 Qxg5 16. Nxg5 exd3
0-1

[Event "Szachy na pełnej kurwie"]
[Site "SchemingMind.com"]
[Date "2016.01.03"]
[Round "-"]
[White "Robert Bruce"]
[Black "Darnell"]
[Result "1-0"]
[WhiteCountry "SCO"]
[BlackCountry "CAN"]
[WhiteElo "2221"]
[WhiteRD "63"]
[BlackElo "1584"]
[BlackRD "79"]
[GameID "393020"]

1. f4 d5 2. Nf3 Bf5 3. e3 Nf6 4. Be2 c5 5. O-O a6 6. Ne5 e6 7. g4 Be4 8. Nc3 Bd6 9. Nxe4 Nxe4 10. d3 Bxe5
11. fxe5 Ng5 12. h4 Nh3+ 13. Kg2 Qxh4 14. Rh1 Qf2+ 15. Kxh3 h5 16. gxh5 Qf5+ 17. Kg2 Qg5+ 18. Kf2 Qxe5 19. Qg1 Nc6 20. Qg3 Qf5+
21. Ke1 O-O-O 22. Rf1
1-0

[Event "Szachy na pełnej kurwie"]
[Site "SchemingMind.com"]
[Date "2016.01.03"]
[Round "-"]
[White "smothered mate"]
[Black "flyinduck"]
[Result "0-1"]
[WhiteCountry "POL"]
[BlackCountry "CAN"]
[WhiteElo "1938"]
[WhiteRD "68"]
[BlackElo "2083"]
[BlackRD "52"]
[GameID "393036"]

1. e4 c5 2. Nf3 Nc6 3. d4 cxd4 4. Nxd4 Nf6 5. Nc3 e5 6. Ndb5 d6 7. Bg5 a6 8. Na3 b5 9. Nd5 Be7 10. Bxf6 Bxf6
11. c3 O-O 12. Nc2 Bg5 13. Nce3 Bxe3 14. Nxe3 Ne7 15. Be2 Bb7 16. Bf3 d5 17. exd5 Qd6 18. Qd2 f5 19. Rd1 e4 20. Be2 f4
21. Ng4 Rae8 22. O-O h5
0-1

[Event "Szachy na pełnej kurwie"]
[Site "SchemingMind.com"]
[Date "2016.01.03"]
[Round "-"]
[White "flyinduck"]
[Black "smothered mate"]
[Result "1-0"]
[WhiteCountry "CAN"]
[BlackCountry "POL"]
[WhiteElo "2083"]
[WhiteRD "52"]
[BlackElo "1938"]
[BlackRD "68"]
[GameID "393037"]

1. d4 d5 2. c4 e6 3. Nc3 c5 4. cxd5 exd5 5. Nf3 Nc6 6. dxc5 d4 7. Na4 b5 8. cxb6 axb6 9. e3 b5 10. Bxb5 Qa5+
11. Nc3 Bd7 12. Nxd4
1-0

[Event "Szachy na pełnej kurwie"]
[Site "SchemingMind.com"]
[Date "2016.01.03"]
[Round "-"]
[White "tyler_ensor"]
[Black "flyinduck"]
[Result "0-1"]
[WhiteCountry "CAN"]
[BlackCountry "CAN"]
[WhiteElo "1864"]
[WhiteRD "81"]
[BlackElo "2135"]
[BlackRD "56"]
[GameID "393038"]

1. d4 Nf6 2. c4 e6 3. Nc3 c5 4. d5 exd5 5. cxd5 d6 6. e4 g6 7. f4 Bg7 8. Bb5+ Nfd7 9. a4 O-O 10. Nf3 a6
11. Bd3 Qc7 12. O-O c4 13. Bc2 Nc5 14. Be3 Bg4 15. Bd4 Bh6 16. g3 Nbd7 17. a5 b5 18. axb6 Nxb6 19. Qe1 Nb3 20. Bxb3 cxb3
21. Bf6 Rfe8 22. Nd4 Nc4 23. Qf2 a5 24. Nc6 a4 25. Rxa4 Rxa4 26. Nxa4 Bd7 27. Qd4 Na5 28. Nxa5 Qxa5 29. Nc3 Rc8 30. Kg2 Bf8
31. h3 Bb5 32. Nxb5 Qxb5 33. e5 Rc2+ 34. Rf2 dxe5 35. Qxe5 Qb6 36. Qd4 Rxf2+
0-1

[Event "Szachy na pełnej kurwie"]
[Site "SchemingMind.com"]
[Date "2016.01.03"]
[Round "-"]
[White "flyinduck"]
[Black "tyler_ensor"]
[Result "1-0"]
[WhiteCountry "CAN"]
[BlackCountry "CAN"]
[WhiteElo "2135"]
[WhiteRD "56"]
[BlackElo "1864"]
[BlackRD "81"]
[GameID "393039"]

1. d4 Nf6 2. c4 g6 3. Nc3 Bg7 4. e4 d6 5. Be2 O-O 6. Bg5 c5 7. d5 e6 8. Nf3 h6 9. Be3 Ng4 10. Bd2 exd5
11. exd5 Nd7 12. O-O f5 13. Qc2 Re8 14. Rae1 Nde5 15. h3 Nxf3+ 16. Bxf3 Ne5 17. Be2 Qh4 18. f4 Nd7 19. Bf3 Nf6 20. Nb5 Ne4
21. Bxe4 fxe4 22. Bc3 Bxc3 23. Qxc3 Qd8 24. f5 g5 25. f6 Kf7 26. Qg3 Re5 27. Rxe4 a6 28. Nxd6+
1-0

[Event "Szachy na pełnej kurwie"]
[Site "SchemingMind.com"]
[Date "2016.01.04"]
[Round "-"]
[White "Scooter"]
[Black "flyinduck"]
[Result "0-1"]
[WhiteCountry "USA"]
[BlackCountry "CAN"]
[WhiteElo "1696"]
[WhiteRD "46"]
[BlackElo "2050"]
[BlackRD "53"]
[GameID "393042"]

1. d4 d5 2. Nf3 Nf6 3. Bf4 e6 4. e3 c5 5. Bb5+ Bd7 6. Bxd7+ Nbxd7 7. c3 Qb6 8. Qb3 c4 9. Qxb6 axb6 10. O-O b5
11. Nbd2 b4 12. Rfb1 Be7 13. Ne5 Nxe5 14. Bxe5 O-O 15. Bxf6 gxf6 16. e4 Ra7 17. exd5 exd5 18. Kf1 Rfa8 19. cxb4 Bxb4 20. Ke2 Rxa2
0-1

[Event "Szachy na pełnej kurwie"]
[Site "SchemingMind.com"]
[Date "2016.01.04"]
[Round "-"]
[White "flyinduck"]
[Black "Scooter"]
[Result "1-0"]
[WhiteCountry "CAN"]
[BlackCountry "USA"]
[WhiteElo "2050"]
[WhiteRD "53"]
[BlackElo "1696"]
[BlackRD "46"]
[GameID "393043"]

1. d4 Nf6 2. c4 g6 3. Nc3 Bg7 4. e4 d6 5. Be2 O-O 6. Bg5 h6 7. Be3 e5 8. d5 Nbd7 9. h4 b6 10. h5 g5
11. f3 a6 12. Bd3 Nc5 13. Bc2 g4 14. b4 Nb7 15. Qd2 g3 16. Nge2
1-0

[Event "Szachy na pełnej kurwie"]
[Site "SchemingMind.com"]
[Date "2016.01.03"]
[Round "-"]
[White "Robert Bruce"]
[Black "flyinduck"]
[Result "1-0"]
[WhiteCountry "SCO"]
[BlackCountry "CAN"]
[WhiteElo "2221"]
[WhiteRD "63"]
[BlackElo "2064"]
[BlackRD "54"]
[GameID "393044"]

1. c4 c5 2. g3 Nf6 3. Bg2 d5 4. cxd5 Nxd5 5. Nc3 Nc7 6. Nf3 Nc6 7. O-O e5 8. Ne1 h5 9. Bxc6+ bxc6 10. Qa4 h4
11. Nf3 hxg3 12. fxg3 f6 13. Qxc6+ Bd7 14. Qe4 Be6 15. d3 Rb8 16. Qa4+ Bd7 17. Qxa7 Rb4 18. Nh4 Rhxh4 19. gxh4 Rg4+ 20. Kh1 Bc6+
21. Ne4 f5 22. Bg5 fxe4 23. Rxf8+ Kxf8 24. Qxc5+
1-0

[Event "Szachy na pełnej kurwie"]
[Site "SchemingMind.com"]
[Date "2016.01.03"]
[Round "-"]
[White "flyinduck"]
[Black "Robert Bruce"]
[Result "0-1"]
[WhiteCountry "CAN"]
[BlackCountry "SCO"]
[WhiteElo "2064"]
[WhiteRD "54"]
[BlackElo "2221"]
[BlackRD "63"]
[GameID "393045"]

1. d4 Nf6 2. c4 c5 3. d5 b5 4. cxb5 a6 5. f3 e6 6. e4 exd5 7. e5 Qe7 8. Qe2 Ng8 9. Nc3 Bb7 10. Nh3 c4
11. Be3 axb5 12. Nf4 Qxe5 13. Nxb5 Na6 14. Bd4 Qxe2+ 15. Bxe2 Bc6 16. Nc3 Nb4 17. Kd2 Ne7 18. Rhe1 f6 19. a3 Na6 20. b4 cxb3
21. Bxa6 Rxa6 22. Nfxd5 Kf7 23. Nb4 Ra8 24. Reb1 Nf5 25. Bf2 Bxb4 26. axb4 Rxa1 27. Rxa1 Rb8 28. g4 Ne7 29. Bc5 d6
0-1